000
00318nam a22001097a 4500
082
_a
080
100
_a
ट्रेसी , ब्रायन
_9
83008
245
_a
स्मार्ट बनिए
260
_a
मुंबई
_b
जयको
_c
2017
650
_a
सामान्य वर्ग
942
_c
HIN
999
_c
67756
_d
67756